MARC

LEADER 00000nam0a2200000 4500
001 332214
005 20231102004432.0
035 |a (RuTPU)RU\TPU\book\358121 
090 |a 332214 
100 |a 20170518d1971 km y0rusy50 ca 
101 0 |a rus 
102 |a RU 
105 |a a z 001zy 
200 1 |a Основы конструирования элементов радиоаппаратуры  |f А. Л. Харинский 
205 |a 2-е изд., доп. и перераб. 
210 |a Ленинград  |c Энергия  |d 1971 
215 |a 464 с.  |c ил. 
320 |a Библиогр.: с. 461-462 
606 1 |a Электрорадиоэлементы  |x Курсовое проектирование  |2 stltpush  |3 (RuTPU)RU\TPU\subj\20740  |9 45822 
610 1 |a радиоаппаратура 
610 1 |a конструирование 
610 1 |a методы 
610 1 |a отклонение 
610 1 |a кинематические связи 
610 1 |a динамические связи 
610 1 |a соединения 
610 1 |a электрические параметры 
610 1 |a управляемые параметры 
610 1 |a подстройка контуров 
610 1 |a расчет 
610 1 |a контакты 
610 1 |a переключатели 
610 1 |a настройка 
610 1 |a механизмы 
610 1 |a отсчетные устройства 
675 |a 621.396.69.001  |v 4 
700 1 |a Харинский  |b А. Л.  |g Анатолий Леонидович 
801 1 |a RU  |b 63413507  |c 20170518 
801 2 |a RU  |b 63413507  |c 20170519  |g RCR 
942 |c BK